000 00669nam a2200253Ia 4500
005 20260121114146.0
008 008 260114s9999 xx 000 0 eng d
020 _a9781119618232
037 _aEBOOK
040 _aCRL
040 _beng
040 _cCRL
041 _2eng
041 _aeng
084 _qCRL
100 _aRoger A. Grimes
_9971571
245 0 _aCryptography Apocalypse - Preparing for the Day When Quantum Computing Breaks Today's Crypto Edition 1
260 _bWiley
260 _c2019
856 _uhttps://onlinelibrary.wiley.com/doi/book/10.1002/9781119618232
942 _cEBOOK
999 _c1550825
_d1550825